000 01077nam a2200313 i 4500
001 bg
003 KOSZ 005
005 20200630132822.0
008 080127s1966 pl a f f 000 0 pol
015 _aPB 1966/9976
040 _aWA N
_cKOSZ 005/RW
_dKOSZ 005/RW
_dKOSZ 005/HR
046 _k1966
080 _a528
080 _a(075.8+076)
245 0 0 _aĆwiczenia z geodezji wyższej /
_c[aut. Edmund Bilski et al.].
250 _aWyd. 2 popr. i uzup.
260 _aWarszawa :
_bPaństwowe Wydawnictwo Naukowe,
_c1966.
300 _a688 s., [6] k. tabl. :
_bil. ;
_c24 cm.
380 _aKsiążki.
504 _aBibliogr. przy rozdz.
521 8 _aSkrypt dla studentów wyższych szkół technicznych.
658 _aGeografia i nauki o Ziemi
650 4 _aGeodezja
655 4 _aĆwiczenia i zadania dla szkół wyższych
700 1 _aBilski, Edmund.
_eAutor
710 2 _aPaństwowe Wydawnictwo Naukowe
_4pbl.
856 _uhttp://koha.tu.koszalin.pl/cgi-bin/koha/opac-detail.pl?biblionumber=10982
_yKatalog online BPK
942 _2UKD
_cKS
999 _c10982
_d10982